<?xml version="1.0" encoding="UTF-8"?>
<record
    xmlns:xsi="http://www.w3.org/2001/XMLSchema-instance"
    xsi:schemaLocation="http://www.loc.gov/MARC21/slim http://www.loc.gov/standards/marcxml/schema/MARC21slim.xsd"
    xmlns="http://www.loc.gov/MARC21/slim">

  <leader>00558nam a2200181 a 4500</leader>
  <controlfield tag="001">BRCA_7178</controlfield>
  <controlfield tag="005">20190320205736.0</controlfield>
  <controlfield tag="008">130112s1931----gw-ab#####---#000-0#ger-#</controlfield>
  <datafield tag="100" ind1="1" ind2=" ">
    <subfield code="a">Edschmid, Kasimir</subfield>
    <subfield code="d">1890-1966.</subfield>
    <subfield code="9">17797</subfield>
  </datafield>
  <datafield tag="245" ind1="1" ind2="0">
    <subfield code="a">Glanz und elend Su&#xA8;d-Amerikas</subfield>
    <subfield code="b">Roman eines erdteils</subfield>
    <subfield code="c">Kasimir Edschmid.</subfield>
  </datafield>
  <datafield tag="260" ind1=" " ind2=" ">
    <subfield code="a">Frankfurt, Alemania</subfield>
    <subfield code="b">Societats</subfield>
    <subfield code="c">1931</subfield>
  </datafield>
  <datafield tag="300" ind1=" " ind2=" ">
    <subfield code="a">480 p.</subfield>
    <subfield code="b">il., mapas</subfield>
    <subfield code="c">22 cm.</subfield>
  </datafield>
  <datafield tag="500" ind1=" " ind2=" ">
    <subfield code="a">P65</subfield>
  </datafield>
  <datafield tag="650" ind1="1" ind2="4">
    <subfield code="a">Viajeros alemanes</subfield>
    <subfield code="9">7026</subfield>
  </datafield>
  <datafield tag="651" ind1=" " ind2="4">
    <subfield code="a">America del Sur</subfield>
    <subfield code="x">Descripci&#xF3;n y viajes</subfield>
    <subfield code="9">8178</subfield>
  </datafield>
  <datafield tag="902" ind1=" " ind2=" ">
    <subfield code="a">GFM</subfield>
  </datafield>
  <datafield tag="942" ind1=" " ind2=" ">
    <subfield code="2">lcc</subfield>
    <subfield code="c">B</subfield>
  </datafield>
  <datafield tag="999" ind1=" " ind2=" ">
    <subfield code="c">6859</subfield>
    <subfield code="d">6859</subfield>
  </datafield>
  <datafield tag="952" ind1=" " ind2=" ">
    <subfield code="0">0</subfield>
    <subfield code="1">0</subfield>
    <subfield code="4">0</subfield>
    <subfield code="7">0</subfield>
    <subfield code="a">BRCA</subfield>
    <subfield code="b">BRCA</subfield>
    <subfield code="d">2012-01-13</subfield>
    <subfield code="i">P65</subfield>
    <subfield code="l">0</subfield>
    <subfield code="o">(P65)</subfield>
    <subfield code="p">7625</subfield>
    <subfield code="r">2019-03-22 00:00:00</subfield>
    <subfield code="w">2019-03-22</subfield>
    <subfield code="y">B</subfield>
  </datafield>
</record>
